000 01536nam a22002057a 4500
999 _c64170
_d64170
003 Ge_BSU
005 20260424115648.0
008 260424s1953 ge ||||| |||| 00| 0 geo d
041 _ageo
080 _a339.142(47+57) : 658.6/9(47+57) მ-74
100 _aმიქოიანი, ა.ი.
_927371
245 _aსაქონელბრუნვის შემდგომი განვითარებისა და სახელმწიფო, კოოპერაციული და საკოლმეურნეო ვაჭრობის ორგანიზაციის გაუმჯობესების ღონისძიებათა შესახებ :
_bმოხსენება და დასკვნითი სიტყვა ვაჭრობის მუშაკთა სრ. საკ. თათბირზე 1953 წლის 17-20 ოქტომბერს /
_c ა.ი. მიქოიანი.
264 _aთბილისი :
_bსახელგამი,
_c1953.
300 _a91 გვ. ;
_b21 სმ.
653 _aსაქონელბრუნვა
653 _aსახელმწიფო ვაჭრობა საბჭოთა კავშირში
653 _aკოოპერაციული ვაჭრობა საბჭოთა კავშირში
653 _aსაკოლმეურნეო ვაჭრობა საბჭოთა კავშირში
942 _2udc
_cᲬᲘᲒᲜᲘ